Music Quiz

Random Music or Song Quiz
Score 0/36 Timer 06:00
1 Play Today
Album Song % Correct
Billy Talent IIRed Flag
90.7%
Billy Talent IIDevil in a Midnight Mass
86.4%
Billy Talent IIFallen Leaves
83.2%
Billy Talent IIIRusted from the Rain
80.7%
Billy Talent IIIDevil on My Shoulder
77.7%
Billy Talent IISurrender
76.5%
Billy Talent IIISaint Veronika
73.2%
Billy TalentTry Honesty
71.5%
Billy TalentThe Ex
69.5%
Billy Talent IIWorker Bees
69.3%
Billy TalentRiver Below
67.9%
Billy Talent IIIWhite Sparrows
67.3%
Billy TalentThis is How it Goes
66.7%
Billy Talent IIPins and Needles
62.9%
Billy Talent IIThe Navy Song
62.9%
Billy TalentLine and Sinker
62.3%
Billy TalentNothing to Lose
62.1%
Billy Talent IIIDiamond on a Landmine
60%
Album Song % Correct
Billy TalentLies
58.6%
Billy Talent IIThis Suffering
57.9%
Billy TalentCut the Curtains
56.1%
Billy TalentStanding in the Rain
55.1%
Billy Talent IIITears into Wine
54.5%
Billy TalentVoices of Violence
54%
Billy Talent IIBurn the Evidence
53.4%
Billy Talent IISympathy
52.5%
Billy Talent IIITurn Your Back
52.2%
Billy Talent IIIThe Dead Can't Testify
50.9%
Billy TalentLiving in the Shadows
49.8%
Billy Talent IIPerfect World
48.8%
Billy Talent IIWhere is the Line?
47.4%
Billy Talent IICovered in Cowardice
47%
Billy TalentPrisoners of Today
45.6%
Billy Talent IIIDefinition of Destiny
40.8%
Billy Talent IIISudden Movement
39.4%
Billy Talent IIIPocketful of Dreams
38.3%
Remove Ads.
Support Sporcle.
Get the best of Sporcle when you Go Orange. This ad-free experience offers more features, more stats, and more fun while also helping to support Sporcle. Thank you for becoming a member.

You're not logged in!

Compare scores with friends on all Sporcle quizzes.
OR
Log In

Show Comments

Extras

Top Quizzes Today


Score Distribution

Your Account Isn't Verified!

In order to create a playlist on Sporcle, you need to verify the email address you used during registration. Go to your Sporcle Settings to finish the process.

Report this User

Report this user for behavior that violates our Community Guidelines.

Details: